Strzelcy bramek Bayernu w sezonie 2019/2020. - Statystyki

Ogólne statystyki
  • Ten quiz został rozwiązany 182 razy
  • Średni wynik to 9 z 15
Statystyki odpowiedzi
Piłkarz % Poprawnych
Lewandowski
100%
Muller
93%
Gnabry
90%
Kimmich
88%
Coman
83%
Goretzka
77%
Davies
66%
Alaba
65%
Pavard
62%
Thiago
50%
Coutinho
43%
Tolisso
39%
Perisic
36%
Zirkzee
22%
Cuisance
9%
Nie znaleziono quizów pasujących do podanych kryteriów
Rozkład punktacji
Procent ludzi z każdym wynikiem
Percentyl według liczby udzielonych odpowiedzi
Twoja historia wyników
Nie rozwiązałeś tego quizu